000 00775nam a2200181Ia 4500
008 100921s9999 xx 000 0 und d
082 _b42577
_a920.72 न 08
100 _aगाडे सोपान.
245 _aमहाराष्ट्रातील महिलाराज.
260 _bअविष्कार प्रकाशन,पुणे.
_c2008
300 _a216
_bकलाभारती वितरण,पुणे
365 _b220
520 _aचरित्रे-स्त्रयिा.
630 _aमहाराष्ट्रातील महिलाराज.
650 _aचरित्रे-स्त्रयिा.
730 _aमहाराष्ट्रातील महिलाराज.
942 _cBOOK
999 _c791690
_d791687